Management science (Record no. 144559)
[ view plain ]
| 000 -LEADER | |
|---|---|
| fixed length control field | 01263nam a2200301 a 4500 |
| 245 00 - TITLE STATEMENT | |
| Title | Management science |
| 260 ## - PUBLICATION, DISTRIBUTION, ETC. (IMPRINT) | |
| Place of publication | [Bradford, England] : |
| Name of publisher | Emerald, |
| Year of publication | 2007. |
| 300 ## - PHYSICAL DESCRIPTION | |
| Number of Pages | 561 p. |
| 490 0# - SERIES STATEMENT | |
| Series statement | Kybernetes : the international journal of cybernetics, systems and management sciences, |
| 650 #0 - SUBJECT ADDED ENTRY--TOPICAL TERM | |
| Topical Term | Management science. |
| Topical Term | Knowledge management. |
| 700 1# - ADDED ENTRY--PERSONAL NAME | |
| Personal name | Rudall, B. H. |
| 856 40 - ELECTRONIC LOCATION AND ACCESS | |
| Uniform Resource Identifier | http://site.ebrary.com/lib/rucke/Doc?id=10185523 |
No items available.
